| 000 | 00696nam a2200229Ia 4500 | ||
|---|---|---|---|
| 003 | GCL | ||
| 008 | 140319s9999 xx 000 0 ara d | ||
| 040 |
_aGCL / _cGCL |
||
| 082 | 0 | 4 |
_aق _b069.0962 _bهـ م |
| 100 | 1 | _aهيئة الاثار المصرية | |
| 245 | 1 | 0 |
_aمتحف المجوهرات الملكية / _cهيئة الاثار المصرية |
| 260 |
_aالقاهرة : _bهيئة الاثار المصرية |
||
| 300 |
_aمتعدد ؛ _c19 سم |
||
| 490 | _a | ||
| 650 | 0 | 4 | _aمصر |
| 650 | 0 | 4 | _aالمجوهرات |
| 650 | 0 | 4 | _aالمتحف القبطى |
| 650 | 0 | 4 | _aالمتاحف |
| 650 | 0 | 4 | _aمجموعات خاصة |
| 650 | 0 | 4 | _aالمتحف |
| 942 |
_2ddc _cBK |
||
| 999 |
_c57826 _d57826 |
||